[Event "X Sants Open"]
[Site "Barcelona ESP"]
[Date "2008.08.25"]
[Round "4"]
[White "Beinoras,M"]
[Black "Bartel,Mat"]
[Result "0-1"]
[WhiteElo "2426"]
[BlackElo "2579"]

1.d4 Nf6 2.c4 e6 3.Nf3 b6 4.g3 Ba6 5.Qa4 c5 6.Bg2 Bb7 7.dxc5 bxc5 8.O-O Be7
9.Nc3 O-O 10.Rd1 d6 11.Bf4 Qb6 12.Rd2 h6 13.h3 e5 14.Be3 Nc6 15.Nh4 Nd4 16.b4 Bxg2
17.bxc5 dxc5 18.Kxg2 Qe6 19.Nf3 Rfb8 20.Rb1 Rxb1 21.Nxb1 Rb8 22.Nc3 a6 23.Nd5 Nxd5
24.cxd5 Qxd5 25.Qxa6 Bf6 26.Kh2 Nxf3+ 27.exf3 Qxf3 28.Qf1 Bg5 29.Bxg5 hxg5
30.Rc2 e4 31.Qe2 Qxe2 32.Rxe2 f5 33.Rc2 Rc8 34.Kg2 Kf7 35.f3 Ke6 36.fxe4 fxe4
37.Kf2 Kd5 38.Ke3 Ra8 39.Rd2+ Ke5 40.Rd7 Ra3+ 41.Kf2 Rxa2+ 42.Kf1 c4 43.Rxg7 c3  0-1

[Event "X Sants Open"]
[Site "Barcelona ESP"]
[Date "2008.08.27"]
[Round "6"]
[White "Beinoras,M"]
[Black "Hernandez Carmenates,Hold"]
[Result "0-1"]
[WhiteElo "2426"]
[BlackElo "2582"]

1.d4 Nf6 2.c4 e6 3.Nf3 b6 4.g3 Ba6 5.Qa4 Bb7 6.Bg2 c5 7.O-O Be7 8.Rd1 O-O
9.Nc3 cxd4 10.Nxd4 Bxg2 11.Kxg2 Qc8 12.e4 Na6 13.f3 Nc5 14.Qc2 d6 15.b3 Qb7
16.Bb2 Rac8 17.Qe2 Rfd8 18.Rd2 a6 19.Rad1 Ncd7 20.h3 Nh5 21.f4 g6 22.Nf3 Nc5
23.Kh2 Bf6 24.e5 dxe5 25.Nxe5 Rxd2 26.Rxd2 a5 27.Nd3 Nd7 28.Ne4 Be7 29.Ne5 Rd8
30.Nd6 Nxe5 31.Bxe5 Qh1+ 32.Kxh1 Nxg3+ 33.Kg2 Nxe2 34.Rxe2 Bxd6 35.Bf6 Rd7
36.Rd2 Kf8 37.Kf3 Ke8 38.Bd4 Bb4 39.Rd3 Bc5 40.Ke4 f5+ 41.Ke3 Rxd4 42.Rxd4 g5  0-1

[Event "1st Dragon Capital Vietnam Open"]
[Site "Vung Tau VIE"]
[Date "2008.08.27"]
[Round "1"]
[White "Le Quang Long"]
[Black "Nolte,R"]
[Result "1-0"]
[WhiteElo "2226"]
[BlackElo "2522"]

1.d4 Nf6 2.Nf3 e6 3.c4 b6 4.g3 Ba6 5.b3 Bb7 6.Bg2 Bb4+ 7.Bd2 c5 8.O-O O-O
9.Bxb4 cxb4 10.a3 bxa3 11.Nxa3 d6 12.Nb5 a6 13.Nc3 Nbd7 14.Qd3 Qc7 15.Rfc1 Rac8
16.e4 e5 17.Qe3 Qb8 18.Nd5 Rfe8 19.dxe5 dxe5 20.Bh3 Bxd5 21.cxd5 Rxc1+ 22.Rxc1 Nc5
23.Nd2 a5 24.Bf1 g6 25.Bb5 Rc8 26.f3 Kg7 27.Nc4 Ncd7 28.Bc6 h5 29.Kg2 Rh8
30.h3 Rc8 31.f4 b5 32.Nxa5 h4 33.Bxd7 Rxc1 34.Qxc1 Nxd7 35.Nc6 Qb6 36.fxe5 hxg3
37.Kxg3 b4 38.e6 Nf6 39.Kf3 fxe6 40.dxe6 Qb5 41.Nd4 Qd3+ 42.Qe3 Qf1+ 43.Kg3 Qb1
44.Nf5+ Kg8 45.Nh6+ Kg7 46.Nf5+ Kg8 47.Nd6 Qd1 48.e5 Nd5 49.Qf2 Kh7 50.Kh2 Qh5
51.Qa7+ Kh6 52.Nf7+ Kg7 53.Qf2 Qd1 54.Ng5 Qa1 55.Nf7 Qc3 56.h4 Qc7 57.h5 Qe7
58.h6+ Kh7 59.Kg3 Nc3 60.Qf3 Qc5 61.Kg2 Qd4 62.e7 Qd2+ 63.Qf2 Qd5+ 64.Kh2 Qd7
65.Ng5+  1-0

[Event "16th Nikea Open"]
[Site "Athens GRE"]
[Date "2008.08.28"]
[Round "4"]
[White "Enchev,I"]
[Black "Nikolova,A"]
[Result "1/2-1/2"]
[WhiteElo "2367"]
[BlackElo "2242"]

1.d4 Nf6 2.c4 e6 3.Nf3 b6 4.g3 Ba6 5.Qa4 Bb7 6.Bg2 c5 7.dxc5 Bxc5 8.O-O O-O
9.Nc3 Nc6 10.Rd1 h6 11.Bf4 Qc8 12.a3 Re8 13.b4 Bf8 14.e4 g5 15.Be3 Ng4 16.Bd2 Nce5
17.Nxe5 Nxe5 18.Rac1 a5 19.Nb5 axb4 20.Qb3 bxa3 21.Bc3 Nc6 22.Ba1 Na5 23.Qc3 e5
24.Nd6 Qc7 25.Nxe8 Rxe8 26.Bh3 Bc6 27.Bf5 Nb7 28.f4 Nd6 29.fxe5 Nxe4 30.Bxe4 Bxe4
31.Re1 Qc5+ 32.Re3 Re6 33.h3 Bb7 34.Kh2 Qc6 35.Re2 Bg7 36.Qxa3 Bxe5 37.Bxe5 Rxe5
38.Rf2 Rf5 39.Qb2 Rf3 40.Qe2 Rxf2+ 41.Qxf2 h5 42.Qd2 Kf8 43.Qb2 Qe4 44.Qb4+ Kg8
45.Qd2 Kf8 46.Qb4+ Kg7 47.Qd2 Kh8 48.Qb2+ Kg8 49.Qd2 Kf8 50.Qb4+ Kg7 51.Qb2+  1/2-1/2

[Event "2nd Open"]
[Site "Urumia IRI"]
[Date "2008.08.28"]
[Round "4"]
[White "Ebrahimi,Ah"]
[Black "Gaprindashvili,V"]
[Result "0-1"]
[WhiteElo "2253"]
[BlackElo "2452"]

1.d4 e6 2.Nf3 Nf6 3.c4 b6 4.g3 Ba6 5.b3 b5 6.Bg2 bxc4 7.Ne5 Bb4+ 8.Bd2 cxb3
9.Bxb4 b2 10.Nc3 bxa1=Q 11.Qxa1 d5 12.Qd1 c6 13.Qa4 Nfd7 14.Nxc6 Nb6 15.Nxd8+ Nxa4
16.Nxe6 fxe6 17.Nxa4 Nc6 18.Bc3 Kf7 19.Nc5 Bc4 20.a3 Rab8 21.Kd2 Rhe8 22.f4 Ba2
23.Kc2 Ne7 24.Ra1 Bc4 25.Kd2 Red8 26.Bf3 Nf5 27.Kc2 Rdc8 28.Kd2 Bb5 29.a4 Be8
30.Bg4 Ke7 31.e3 Nd6 32.Be2 Bg6 33.Bd3 Bxd3 34.Kxd3 Ne4 35.Ra3 Nxc3 36.Rxc3 Rb1
37.Rb3 Rxb3+ 38.Nxb3 Rc4 39.Nc5 Rc1 40.Kd2 Rh1 41.Kc3 Rxh2 42.Kb4 Rg2  0-1

[Event "ch-POR"]
[Site "Almada POR"]
[Date "2008.08.29"]
[Round "3"]
[White "Damaso,R"]
[Black "Fernando,D"]
[Result "0-1"]
[WhiteElo "2441"]
[BlackElo "2449"]

1.d4 Nf6 2.Nf3 e6 3.c4 b6 4.g3 Ba6 5.b3 Bb7 6.Bg2 Bb4+ 7.Bd2 a5 8.O-O O-O
9.Qc2 d6 10.Nc3 Nbd7 11.Rfe1 Bxc3 12.Bxc3 Be4 13.Qb2 Re8 14.Bf1 h6 15.Nd2 Bb7
16.e4 e5 17.d5 Nc5 18.h3 c6 19.Re3 cxd5 20.cxd5 Ba6 21.a4 Bxf1 22.Rxf1 Qd7
23.Kg2 b5 24.axb5 Qxb5 25.Qa3 a4 26.b4 Ncd7 27.f4 exf4 28.Ref3 Nxe4  0-1

[Event "ch-POR"]
[Site "Almada POR"]
[Date "2008.08.29"]
[Round "3"]
[White "Dias,P"]
[Black "Fernandes,Ant"]
[Result "0-1"]
[WhiteElo "2440"]
[BlackElo "2408"]

1.d4 Nf6 2.c4 e6 3.Nf3 b6 4.g3 Ba6 5.Qc2 c5 6.Bg2 Bb7 7.d5 exd5 8.cxd5 d6
9.O-O g6 10.Nc3 Bg7 11.e4 O-O 12.Re1 Na6 13.Bf4 Nh5 14.Be3 Nb4 15.Qd2 Ba6
16.Red1 Re8 17.a3 Nd3 18.b4 Qf6 19.Ne2 Rxe4 20.Ne1 Nxf2 21.Rdb1 Rae8 22.Nc2 Bxe2
23.Qxe2 Rxe3 24.Nxe3 Bh6 25.g4 Ng7 26.g5 Bxg5  0-1

[Event "1st Dragon Capital Vietnam Open"]
[Site "Vung Tau VIE"]
[Date "2008.08.30"]
[Round "6"]
[White "Dao Thien Hai"]
[Black "So,W"]
[Result "1/2-1/2"]
[WhiteElo "2489"]
[BlackElo "2577"]

1.d4 Nf6 2.c4 e6 3.Nf3 b6 4.g3 Ba6 5.b3 Bb4+ 6.Bd2 Be7 7.Bg2 O-O 8.O-O c6
9.Bc3 d5 10.Ne5 Nbd7 11.Nxd7 Nxd7 12.Nd2 Rc8 13.e4 c5 14.exd5 exd5 15.dxc5 dxc4
16.c6 cxb3 17.Re1 Bb5 18.axb3 a5  1/2-1/2

[Event "16th Nikea Open"]
[Site "Athens GRE"]
[Date "2008.08.31"]
[Round "8"]
[White "Rusev,K"]
[Black "Nikolova,A"]
[Result "1/2-1/2"]
[WhiteElo "2508"]
[BlackElo "2242"]

1.d4 Nf6 2.c4 e6 3.Nf3 b6 4.g3 Ba6 5.Qc2 Bb7 6.Bg2 Bb4+ 7.Bd2 a5 8.O-O O-O
9.Bg5 h6 10.Bxf6 Qxf6 11.c5 a4 12.a3 Ba5 13.cxb6 Bxb6 14.Nc3 Bxf3 15.Bxf3 d5
16.Nxa4 Bxd4 17.Bg2 Nd7 18.Rad1 Nb6 19.Nxb6 Bxb6 20.e4 dxe4 21.Bxe4 Rad8
22.b4 Rxd1 23.Rxd1 Rd8 24.Rxd8+ Qxd8 25.Qd3 Qxd3 26.Bxd3 c5 27.b5 Kf8 28.Bc4 e5
29.f3 Ke7 30.Kf2 f5 31.Ke3 h5 32.h4 Kf6 33.f4 Bc7 34.a4 g6 35.Bg8 e4 36.Kd2 Ba5+
37.Kc2 Ke7 38.Kd1  1/2-1/2

[Event "Masters"]
[Site "Trieste ITA"]
[Date "2008.08.31"]
[Round "2"]
[White "Kragelj,I"]
[Black "Narayanan,Sr"]
[Result "1/2-1/2"]
[WhiteElo "2228"]
[BlackElo "2220"]

1.d4 Nf6 2.c4 e6 3.Nf3 b6 4.g3 Ba6 5.b3 Bb4+ 6.Bd2 Be7 7.Bg2 c6 8.Bc3 d5
9.Ne5 Nfd7 10.Nxd7 Nxd7 11.Nd2 O-O 12.O-O Rc8 13.e4 c5 14.exd5 exd5 15.dxc5 dxc4
16.c6 cxb3 17.Re1 b2 18.Bxb2 Nc5 19.Nc4 Bxc4 20.Qg4 Bg5 21.Qxc4 Nd3 22.Be5 Nxe1
23.Rxe1 Bf6 24.Bxf6 Qxf6 25.c7 Qd6 26.Rc1 b5 27.Qc2 Qb6 28.Bh3 f5 29.Bxf5 Rxc7
30.Qxc7 Rxf5 31.Qxb6 axb6 32.Rc6 b4 33.Rxb6 Ra5 34.Rxb4 Rxa2 35.g4 h6 36.h4 Kf7
37.h5 Kf6 38.Kg2 Ra3 39.f3 Rc3 40.Rf4+ Ke7 41.Rf5 Ke6 42.Kg3 Ra3 43.Rb5 Kf6
44.Rb6+ Kf7 45.Rb4 Kf6 46.Kf4 Ra6 47.Rb3 Ra4+ 48.Kg3 Ra1 49.f4 Rc1 50.Rb6+ Kf7
51.g5 hxg5 52.fxg5 Rc3+ 53.Kg4 Rc4+ 54.Kf5 Rc5+ 55.Kf4 Rc4+ 56.Ke3 Rc3+ 57.Ke4 Rc4+
58.Ke3 Rc3+ 59.Kd4 Rg3 60.Rb7+ Kf8 61.Rb5 Rh3 62.Rf5+ Ke7 63.g6 Ke6 64.Rf7 Rxh5
65.Rxg7 Kf6 66.Rg8 Rg5  1/2-1/2

[Event "17th CRO-chT 1w"]
[Site "Sibenik CRO"]
[Date "2008.09.02"]
[Round "6"]
[White "Macek,V"]
[Black "Rakic,Ma"]
[Result "0-1"]
[WhiteElo "2242"]
[BlackElo "2276"]

1.d4 Nf6 2.c4 e6 3.Nf3 b6 4.g3 Ba6 5.b3 b5 6.cxb5 Bxb5 7.Bg2 Bb4+ 8.Bd2 Bxd2+
9.Qxd2 Bc6 10.O-O Qc8 11.Nc3 Qb7 12.Rfe1 O-O 13.Qc2 Ne4 14.Rac1 Nxc3 15.Qxc3 Rc8
16.Qa5 Be4 17.Red1 Nc6 18.Qd2 a5 19.Ne1 Bxg2 20.Nxg2 a4 21.d5 Ne5 22.b4 a3
23.Qd4 d6 24.dxe6 fxe6 25.Nf4 Ra4 26.Nxe6 Rxb4 27.Qe3 Rb2 28.Nd4 Rf8 29.f4 c5
30.Nc2 Nc4 31.Qd3 Qf7 32.Nxa3 Nxa3 33.Qxa3 Rxe2 34.Rxd6 Qh5 35.Qb3+ Kh8 36.h4 Rfe8
37.Qd5 Qg4  0-1

[Event "Open"]
[Site "Herzliya ISR"]
[Date "2008.09.03"]
[Round "2"]
[White "Zoler,D"]
[Black "Neimer,V"]
[Result "1-0"]
[WhiteElo "2461"]
[BlackElo "2316"]

1.d4 Nf6 2.c4 e6 3.Nf3 b6 4.g3 Ba6 5.Nbd2 c5 6.Bg2 Nc6 7.dxc5 bxc5 8.O-O Be7
9.b3 O-O 10.Bb2 Qc7 11.e4 e5 12.Ne1 g6 13.Nc2 Nd4 14.Nb1 Bb7 15.Nc3 Rfe8
16.Ne3 Bf8 17.Qd3 Bh6 18.Rad1 a5 19.Bc1 Bg7 20.f4 d6 21.Rf2 Nd7 22.Rdf1 Nb6
23.fxe5 dxe5 24.Rxf7 Qxf7 25.Rxf7 Kxf7 26.Ned5 Bxd5 27.exd5 a4 28.bxa4 Nxa4
29.Ne4 Kg8 30.h4 Rf8 31.h5 Rf5 32.g4 Rff8 33.h6 Bf6 34.Nxf6+ Rxf6 35.Bg5 Rf7
36.d6 Nb2 37.Qe4 Rb8 38.d7 Nxc4 39.d8=Q+ Rxd8 40.Bxd8 Nd2 41.Qa8  1-0

[Event "17th CRO-chT 1a"]
[Site "Sibenik CRO"]
[Date "2008.09.04"]
[Round "8"]
[White "Komljenovic,D"]
[Black "Kuljasevic,D"]
[Result "1-0"]
[WhiteElo "2452"]
[BlackElo "2501"]

1.d4 Nf6 2.Nf3 e6 3.c4 b6 4.g3 Ba6 5.b3 Bb4+ 6.Bd2 Be7 7.Bg2 d5 8.cxd5 exd5
9.Nc3 O-O 10.O-O Nbd7 11.Nh4 Re8 12.Re1 Bb7 13.Nf5 Bf8 14.Qc2 g6 15.Nh6+ Kg7
16.Rad1 Bb4 17.f3 Nf8 18.Bc1 Ne6 19.a3 Bf8 20.Kh1 Ng8 21.Ng4 h5 22.Nf2 Kh7
23.b4 Bg7 24.e3 Ne7 25.Nd3 c6 26.Ne5 Kg8 27.f4 f5 28.a4 Qc7 29.Ba3 Red8 30.Rc1 Rac8
31.Red1 a6 32.Qb1 Qd6 33.Qb3 b5 34.Bf3 Bf6 35.h3 Kg7 36.Ne2 Rh8 37.Bb2 Rc7
38.Kg2 Nc8 39.a5 Qe7 40.Rh1 Nd6 41.Bc3 Nc4 42.Be1 Bxe5 43.dxe5 c5 44.Rd1 Rd8
45.Bf2 cxb4 46.g4 hxg4 47.hxg4 fxg4 48.Bxg4 d4+ 49.Bf3 Bxf3+ 50.Kxf3 Qf7
51.Kg3 dxe3 52.Rxd8 Nxd8 53.Bxe3 Ne6 54.Bc1 Qf5 55.Qf3 b3 56.Qxb3 Qe4 57.Qf3 Qxf3+
58.Kxf3 Nxa5 59.Be3 Nc4 60.Nd4 Nc5 61.Bf2 Rf7 62.e6 Rc7 63.Rg1 Nd2+ 64.Ke3 Nc4+
65.Kf3 Nd2+ 66.Ke2 Nde4 67.Bh4 Rc8 68.Ke3 Re8 69.f5 g5 70.Bxg5 Nxg5 71.Rxg5+ Kh6
72.Rg1 b4 73.Rc1 Nd7 74.Kf4 Nf6 75.Rh1+ Kg7 76.Rg1+ Kf8 77.Rg6 Nd5+ 78.Ke5 Ne7
79.Rf6+ Kg8 80.Rf7 a5 81.f6 Ng6+ 82.Kf5 Nh4+ 83.Kg4  1-0

[Event "Open"]
[Site "Herzliya ISR"]
[Date "2008.09.05"]
[Round "4"]
[White "Zoler,D"]
[Black "Lerner,K"]
[Result "1/2-1/2"]
[WhiteElo "2461"]
[BlackElo "2521"]

1.d4 Nf6 2.c4 e6 3.Nf3 b6 4.g3 Ba6 5.b3 Bb7 6.Bg2 Bb4+ 7.Bd2 c5 8.O-O O-O
9.Nc3 cxd4 10.Nxd4 Bxg2 11.Kxg2 d5 12.cxd5 Nxd5 13.Nxd5 Qxd5+ 14.Nf3 Bc5
15.Qc2 Nd7 16.Rfd1 Qb7 17.Bc3 Be7 18.Qb2 Nf6 19.Rd3 Rfd8 20.Rad1 Rxd3 21.Rxd3 Rd8
22.Rxd8+  1/2-1/2

[Event "TCh-ESP Hon Gp2"]
[Site "Sabadell ESP"]
[Date "2008.09.05"]
[Round "3"]
[White "Torrecillas Martinez,A"]
[Black "Cruz,Cr"]
[Result "1/2-1/2"]
[WhiteElo "2365"]
[BlackElo "2508"]

1.d4 Nf6 2.c4 e6 3.Nf3 b6 4.g3 Ba6 5.Qc2 c5 6.Bg2 Bb7 7.O-O cxd4 8.Nxd4 Bxg2
9.Kxg2 Be7 10.b3 O-O 11.Bb2 Qc7 12.Nc3 a6 13.e4 d6 14.Rfe1 Nbd7 15.Qe2 Rfe8
16.Rad1 Qb7 17.Kg1 Ne5 18.h3 Bf8 19.Kh2 Ng6 20.a4 h5 21.Qf3 Qc7 22.Kg1 h4
23.g4 Nd7 24.Ba1 Be7 25.Qe3 Nc5 26.Rb1 Bf6 27.Red1 Rad8 28.Nde2 Qb8 29.f4 Be7
30.Qf3 Qb7 31.Kg2 a5 32.Nc1 Bf6 33.N1e2 Bxc3 34.Nxc3 f5 35.gxf5 exf5 36.exf5 Nxf4+
37.Kf2 Qxf3+ 38.Kxf3 Nxh3 39.Nd5 Re4 40.f6 Rf8 41.Kg2 Ng5 42.fxg7 Re2+ 43.Kh1 Rf3
44.Rd2 Rh3+ 45.Kg1 Nf3+ 46.Kf1 Re6 47.Rdd1 Nd2+ 48.Rxd2 Rh1+ 49.Kg2 Rxb1
50.Bf6 Ne4 51.Rb2 Rxb2+ 52.Bxb2 Nc5 53.Bf6 Nxb3 54.Ne7+ Rxe7 55.Bxe7 Nd2
56.Bf6 Nxc4 57.Bd4 Ne5 58.Bxb6 Nc6 59.Bf2 Kxg7 60.Bxh4 Kf7 61.Kf3 Ke6 62.Ke4 d5+
63.Kd3 Ne5+ 64.Kc3 Nc4 65.Kd4 Kd6 66.Be1 Ke6 67.Bc3 Kd6 68.Be1 Kc6 69.Bc3 Kd6  1/2-1/2

[Event "Autumn-1"]
[Site "Alushta UKR"]
[Date "2008.09.06"]
[Round "5"]
[White "Milutin,R"]
[Black "Belikov,V"]
[Result "1/2-1/2"]
[WhiteElo "2244"]
[BlackElo "2536"]

1.d4 Nf6 2.Nf3 e6 3.c4 b6 4.g3 Ba6 5.b3 c6 6.Bg2 d5 7.O-O Nbd7 8.Nbd2 Be7
9.Bb2 O-O 10.Re1 Rc8 11.e4 Bb4 12.a3 Be7 13.Ne5 Bb7 14.Nxd7 Qxd7 15.e5 Ne8
16.Rc1 dxc4 17.Nxc4 Nc7 18.Be4 Rfd8 19.Qh5 h6 20.Red1 Nd5 21.Qf3 Rc7 22.h4 Qc8
23.b4 Ba8 24.Ne3 Nxe3 25.Qxe3 c5 26.dxc5 Rxd1+ 27.Rxd1 bxc5 28.Rc1 Bxe4 29.Qxe4 Qb8
30.Qc4 Rb7 31.Bc3 cxb4 32.Bxb4 Bxb4 33.axb4 Rxb4 34.Qc8+ Kh7 35.Qxb8 Rxb8
36.Rc7 Ra8 37.Rxf7 a5 38.Rf3 Kg6 39.Ra3 Kf5 40.f4 a4 41.Kg2 Ke4 42.h5 Kd4
43.Kf3 Kc4 44.f5 exf5 45.Kf4 Kb4 46.Ra1 a3 47.Kxf5 Kc5 48.Rc1+ Kd5 49.Rd1+ Kc6
50.e6 Ra7 51.Ke5 a2 52.Rc1+ Kb6 53.Kd6 a1=Q 54.Rxa1 Rxa1 55.e7 Re1 56.Kd7 Rd1+
57.Kc8 Rc1+ 58.Kd8  1/2-1/2

[Event "5th LGA Premium Cup"]
[Site "Nuernberg GER"]
[Date "2008.09.06"]
[Round "5"]
[White "Farago,I"]
[Black "Lauer,M"]
[Result "1/2-1/2"]
[WhiteElo "2482"]
[BlackElo "2284"]

1.d4 Nf6 2.Nf3 e6 3.c4 b6 4.g3 Ba6 5.Qb3 Nc6 6.Nbd2 Bb7 7.e4 Bb4 8.d5 Bxd2+
9.Bxd2 Ne7 10.Bd3 d6 11.O-O O-O 12.Bg5 Nd7 13.Qc2 a5 14.Rfe1 Nc5 15.Bf1 h6
16.Be3 e5 17.Nh4 Bc8 18.Bg2 f5  1/2-1/2

[Event "TCh-SRB 1st League"]
[Site "Subotica SRB"]
[Date "2008.09.06"]
[Round "6"]
[White "Rajkovic,Du"]
[Black "Benkovic,P"]
[Result "0-1"]
[WhiteElo "2476"]
[BlackElo "2479"]

1.d4 Nf6 2.c4 e6 3.Nf3 b6 4.g3 Ba6 5.Nbd2 d5 6.cxd5 exd5 7.Ne5 Bd6 8.b4 O-O
9.Rb1 Qe8 10.Bg2 Bb5 11.Ndc4 Ne4 12.Qc2 Na6 13.a3 f6 14.Nxd6 cxd6 15.Qb3 Kh8
16.Qxd5 Nc3 17.Qxa8 Qxa8 18.Bxa8 Nxb1 19.Bc6 Rc8 20.Bf4 Nxa3 21.Bxb5 Nxb5
22.Nf3 Nxb4 23.O-O d5 24.Rb1 a5 25.Bd2 Nc3 26.Bxc3 Rxc3 27.Nh4 Rc4 28.Nf5 g6
29.Nd6 Rc2 30.Kf1 Kg7 31.Rb3 Rc6 32.Nb5 Rc1+ 33.Kg2 Kf7 34.Re3 Rc6 35.g4 Nc2
36.Rb3 Ke7 37.Na7 Rc7 38.Nb5 Rc4 39.Rh3 Nxd4 40.Rxh7+ Ke6 41.Nc7+ Kd6 42.Ne8+ Kc5
43.e3 Nc6 44.Nxf6 a4 45.Rd7 d4 46.Ne4+ Kb4 47.Rb7 dxe3 48.Rxb6+ Ka5 49.Nd6 Rxg4+
50.Kf3 Kxb6  0-1

[Event "TCh-FIN"]
[Site "Finland FIN"]
[Date "2008.09.07"]
[Round "2"]
[White "Nyback,T"]
[Black "Veingold,A"]
[Result "1-0"]
[WhiteElo "2639"]
[BlackElo "2485"]

1.d4 Nf6 2.c4 e6 3.Nf3 b6 4.g3 Ba6 5.Qc2 c5 6.d5 exd5 7.cxd5 Bb7 8.Bg2 Nxd5
9.O-O Be7 10.Rd1 Qc8 11.Nh4 Nb4 12.Qc3 O-O 13.Nf5 Bf6 14.Qxf6 gxf6 15.Ne7+ Kg7
16.Nxc8 Bxg2 17.Kxg2 Rxc8 18.Nc3 N8c6 19.Bf4 d5 20.Nxd5 Nxd5 21.Rxd5 Rd8
22.Rdd1 f5 23.Bc7 Rxd1 24.Rxd1 Rc8 25.Rd7 Re8 26.e3 Re7 27.Rxe7 Nxe7 28.Kf3 f6
29.e4 Kf7 30.Bd6 fxe4+ 31.Kxe4 Nc6 32.g4 Ke6 33.Bc7 Nd4 34.h3 f5+ 35.Kf4 fxg4
36.hxg4 c4 37.Ke4 Ne2 38.Be5 b5 39.Bc3 Nc1 40.a3 Nd3 41.f4 Nc5+ 42.Kd4 Na4
43.f5+ Kf7 44.Kd5 a5 45.Bd4 h6 46.Kc6 b4 47.axb4 axb4 48.Kb5 Nxb2 49.Bxb2 c3
50.Ba1 h5 51.gxh5 Kf6 52.h6  1-0

[Event "Open A"]
[Site "Graz SUI"]
[Date "2008.09.07"]
[Round "9"]
[White "Radicevic,M"]
[Black "Molnar,At"]
[Result "0-1"]
[WhiteElo "2022"]
[BlackElo "2070"]

1.d4 Nf6 2.c4 e6 3.Nf3 b6 4.g3 Ba6 5.Qc2 Bb4+ 6.Bd2 Qe7 7.Bg2 Bb7 8.O-O c5
9.Bxb4 cxb4 10.Nbd2 O-O 11.a3 Rc8 12.axb4 Qxb4 13.Ra4 Qe7 14.Rfa1 Nc6 15.Qb1 a5
16.e3 Nb4 17.b3 Bc6 18.R4a3 d6 19.Ng5 Bxg2 20.Kxg2 h6 21.Nge4 Qb7 22.f3 Nxe4
23.Nxe4 Qc6 24.Ra4 d5 25.Nd2 Rab8 26.R4a3 Rc7 27.Qb2 Rbc8 28.Qc3 Qb7 29.Rc1 b5
30.c5 Nc6 31.Qa1 Ra8 32.b4 Nxb4 33.Rxa5 Rcc8 34.Rc3 Rxa5 35.Qxa5 Nc6 36.Qb6 Rb8
37.Qxb7 Rxb7 38.Rb3 b4 39.Kf2 Kf8 40.Ke2 Ke7 41.Kd3 Ra7 42.h4 h5 43.Rb1 Ra3+
44.Rb3 Ra2 45.e4 f6 46.Ke3 Nxd4 47.Kxd4 Rxd2+ 48.Ke3 Rc2 49.Kd4 Rc4+ 50.Ke3 d4+
51.Kf4 e5+  0-1

[Event "TCh-ESP Hon Gp2"]
[Site "Sabadell ESP"]
[Date "2008.09.07"]
[Round "5"]
[White "Gomez Jurado,L"]
[Black "Cruz,Cr"]
[Result "0-1"]
[WhiteElo "2299"]
[BlackElo "2508"]

1.d4 Nf6 2.Nf3 e6 3.c4 b6 4.g3 Ba6 5.b3 Bb7 6.Bg2 Bb4+ 7.Bd2 a5 8.O-O O-O
9.Nc3 d6 10.a3 Bxc3 11.Bxc3 Nbd7 12.Qc2 Be4 13.Qc1 Qb8 14.Rd1 Qb7 15.Qf4 d5
16.Rac1 a4 17.c5 axb3 18.c6 Qxc6 19.Bb4 Qb5 20.Bxf8 b2 21.Be7 bxc1=Q 22.Rxc1 c5
23.Bxf6 Nxf6 24.dxc5 bxc5 25.Qc7 Bxf3 26.Bxf3 c4 27.Rc3 Qa5 28.Qe5 Nd7 29.Qd4 Qc5
30.Qxc5 Nxc5 31.e4 Rd8 32.exd5 exd5 33.Bxd5 Rxd5 34.Rxc4 Kf8 35.Kg2 Ke7 36.h4 Kd6
37.Rf4 f6 38.Rb4 Rd3 39.Rg4 g6 40.h5 g5 41.a4 Kd5 42.Rb4 Rb3 43.Rb5 Rxb5
44.axb5 Kc4 45.b6 f5 46.Kf3 Kd5 47.Ke3 h6 48.f3 Ke5 49.Ke2 Kd4 50.Kd2 f4  0-1

[Event "3rd PGMA Cup"]
[Site "Manila PHI"]
[Date "2008.09.09"]
[Round "5"]
[White "Dao Thien Hai"]
[Black "Bitoon,R"]
[Result "1/2-1/2"]
[WhiteElo "2489"]
[BlackElo "2439"]

1.d4 Nf6 2.c4 e6 3.Nf3 b6 4.g3 Ba6 5.b3 b5 6.cxb5 Bxb5 7.Bg2 a5 8.O-O Bc6
9.Nc3 Bb4 10.Bd2 Qc8  1/2-1/2

[Event "I Liga Seniorow"]
[Site "Ustron POL"]
[Date "2008.09.09"]
[Round "4"]
[White "Maksimenko,A"]
[Black "Staniszewski,Pi"]
[Result "1/2-1/2"]
[WhiteElo "2537"]
[BlackElo "2416"]

1.d4 Nf6 2.c4 e6 3.Nf3 b6 4.g3 Ba6 5.Qa4 Bb7 6.Bg2 c5 7.dxc5 Bxc5 8.O-O O-O
9.Nc3 Be7 10.Rd1 Na6 11.Bf4 Nc5 12.Qc2 Nce4 13.Rac1 Qc8 14.Nd4 Nxc3 15.Qxc3 a6
16.Qb3 Bxg2 17.Kxg2 Qb7+ 18.Qf3  1/2-1/2

[Event "DMP Ekstraliga"]
[Site "Karpacz POL"]
[Date "2008.09.10"]
[Round "5"]
[White "Gumula,D"]
[Black "Hudziak,P"]
[Result "1-0"]
[WhiteElo "2277"]
[BlackElo "2206"]

1.c4 Nf6 2.d4 e6 3.Nf3 b6 4.g3 Ba6 5.Qc2 Bb7 6.Bg2 c5 7.d5 exd5 8.cxd5 Bxd5
9.Nc3 Bc6 10.e4 Be7 11.Bf4 Na6 12.O-O-O O-O 13.Ne5 Qe8 14.Nxc6 dxc6 15.Qe2 c4
16.Qxc4 b5 17.Qe2 Bb4 18.Bd6 Bxd6 19.Rxd6 Qe5 20.Rhd1 Nd5 21.R1xd5 cxd5 22.Rxa6 Rfc8
23.Kb1 d4 24.Nd5 Rc5 25.f4 Qe8 26.Qd2 Kh8 27.a3 Rc4 28.e5 Rac8 29.Nb4 Rc1+
30.Ka2 Rg1 31.Bd5 Rcc1 32.Qxd4  1-0

[Event "7th Georgiev - Kesarovski Mem"]
[Site "Sunny Beach BUL"]
[Date "2008.09.10"]
[Round "4"]
[White "Ivanov,Stoi"]
[Black "Koelbl,W"]
[Result "1/2-1/2"]
[WhiteElo "2239"]
[BlackElo "1909"]

1.d4 Nf6 2.Nf3 e6 3.c4 b6 4.g3 Ba6 5.Nbd2 d5 6.Bg2 c6 7.O-O Bd6 8.Re1 O-O
9.Ne5 Nfd7 10.f4 Nxe5 11.fxe5 Bb4 12.cxd5 cxd5 13.a3 Be7 14.Nf3 Bb7 15.Bd2 Nc6
16.Rc1 Rc8 17.Qb3 Qd7 18.Red1 Rfd8 19.Bc3 h6 20.e3  1/2-1/2

[Event "3rd PGMA Cup"]
[Site "Manila PHI"]
[Date "2008.09.11"]
[Round "8"]
[White "Pascua,H"]
[Black "Andador,R"]
[Result "1-0"]
[WhiteElo "2174"]
[BlackElo "2335"]

1.d4 Nf6 2.c4 e6 3.Nf3 b6 4.g3 Ba6 5.b3 Bb4+ 6.Bd2 Be7 7.Bg2 c6 8.Bc3 d5
9.Ne5 Nfd7 10.Nxd7 Nxd7 11.Nd2 O-O 12.O-O Rc8 13.e4 dxe4 14.Nxe4 Nf6 15.Qc2 b5
16.Nc5 Qb6 17.Nxa6 Qxa6 18.Qe2 bxc4 19.bxc4 Nd5 20.Bb2 Bf6 21.Rfc1 Rfd8 22.Qe4 Nb6
23.a4 c5 24.a5 Na8 25.Qb1 Rb8 26.Bxa8 Bxd4 27.Rd1 Rxa8 28.Bxd4 cxd4 29.Qb4 Rab8
30.Rxd4 Rdc8 31.Qe7 Re8 32.Qc5 Rbc8 33.Qb5 Qc6 34.Rb1 Qxb5 35.cxb5 Rc7 36.Rbd1 Kf8
37.Rd8 Rc8 38.R8d7 Re7 39.Rd8+ Re8 40.Rxc8 Rxc8 41.Rd7 Rb8 42.Rxa7 Rxb5 43.a6 g6
44.Rb7 Ra5 45.a7 Kg7 46.h4 e5 47.g4 Kf6 48.g5+ Ke6 49.Kf1 Ra2 50.Ke1 e4 51.Kd1 f6
52.gxf6 Kxf6 53.Rxh7 Kf5 54.Kc1 Kg4 55.Kb1 Ra6 56.Kb2 Kf3 57.Rf7+ Kg4 58.Kc3 Kxh4
59.Kd4 Ra4+ 60.Kc5 Kh3 61.Kb6 Kg2 62.Rf8 Ra1 63.Kb7 Rb1+ 64.Kc6 Ra1 65.Kb6 Ra2
66.Rf6 g5 67.Rf5 g4 68.Ra5 Rxa5 69.Kxa5 g3 70.fxg3  1-0

[Event "IV Geller Memorial"]
[Site "Odessa UKR"]
[Date "2008.09.11"]
[Round "3"]
[White "Molnar,P SVK"]
[Black "Varchenko,G"]
[Result "1/2-1/2"]
[WhiteElo "2306"]
[BlackElo "2162"]

1.d4 Nf6 2.c4 e6 3.Nf3 b6 4.g3 Ba6 5.b3 Bb4+ 6.Bd2 Be7 7.Bg2 Bb7 8.O-O O-O
9.Nc3 d5 10.cxd5 exd5 11.Bc1 Nbd7 12.Bb2 Re8 13.Qc2 a6 14.Rfd1 Bd6 15.Rac1 Qe7
16.e3 Rad8 17.Na4 c6 18.Bh3 b5 19.Nc5 Nxc5 20.dxc5 Bc7 21.Nh4 Bc8 22.Bxc8 Rxc8
23.Nf5 Qe6 24.Kg2 Rcd8 25.Nd4 Qd7 26.Qf5 Be5  1/2-1/2

[Event "TCh-SRB 1st League w"]
[Site "Subotica SRB"]
[Date "2008.09.11"]
[Round "9"]
[White "Benderac,A"]
[Black "Urosevic,Ma"]
[Result "1/2-1/2"]
[WhiteElo "2317"]
[BlackElo "2105"]

1.d4 Nf6 2.Nf3 e6 3.c4 b6 4.g3 Ba6 5.b3 b5 6.Bg2 bxc4 7.Ne5 Bb4+ 8.Bd2 cxb3
9.Bxb4 b2 10.Nc3 bxa1=Q 11.Qxa1 d5 12.Qd1 c6 13.Qa4 Qc7 14.O-O Nfd7 15.Nxd7 Qxd7
16.Qc2 Bc4 17.Ba3 Na6 18.Ne4 c5 19.dxc5  1/2-1/2

[Event "7th Georgiev - Kesarovski Mem"]
[Site "Sunny Beach BUL"]
[Date "2008.09.11"]
[Round "5"]
[White "Stamenkov,V"]
[Black "Panajotov,J"]
[Result "1-0"]
[WhiteElo "2340"]
[BlackElo "2219"]

1.d4 Nf6 2.Nf3 e6 3.c4 b6 4.g3 Ba6 5.b3 Bb4+ 6.Bd2 Be7 7.Bg2 c6 8.O-O d5
9.Bc3 O-O 10.Nbd2 Nbd7 11.Qc2 Rc8 12.Rfd1 c5 13.dxc5 bxc5 14.e3 Qb6 15.Bb2 Rfd8
16.Rac1 Qb8 17.Bh3 Rc6 18.cxd5 exd5 19.e4 dxe4 20.Nxe4 Nf8 21.Ne5 Rc7 22.Rxd8 Qxd8
23.Rd1 Qa8 24.Ng5 h6 25.Ngxf7 Qe4 26.Qd2 c4 27.Bg2 Qf5 28.bxc4 Bc5 29.Nd6 Qe6
30.Ne4 Nxe4 31.Bxe4 Qb6 32.Bd5+ Ne6 33.Bxe6+ Qxe6 34.Qd8+  1-0

[Event "DMP Ekstraliga"]
[Site "Karpacz POL"]
[Date "2008.09.12"]
[Round "7"]
[White "Tazbir,M"]
[Black "Fedorchuk,S"]
[Result "1/2-1/2"]
[WhiteElo "2444"]
[BlackElo "2624"]

1.d4 Nf6 2.c4 e6 3.Nf3 b6 4.g3 Ba6 5.b3 Bb7 6.Bg2 Bb4+ 7.Bd2 a5 8.O-O O-O
9.Bg5 a4 10.bxa4 h6 11.Bf4  1/2-1/2

[Event "3rd PGMA Cup"]
[Site "Manila PHI"]
[Date "2008.09.12"]
[Round "9"]
[White "Xiu Deshun"]
[Black "Paragua,M"]
[Result "0-1"]
[WhiteElo "2410"]
[BlackElo "2523"]

1.d4 Nf6 2.c4 e6 3.Nf3 b6 4.g3 Ba6 5.b3 Bb4+ 6.Bd2 Be7 7.Bg2 O-O 8.O-O c6
9.Bc3 d5 10.Ne5 Nfd7 11.Nxd7 Nxd7 12.Nd2 Rb8 13.a4 f5 14.Bb2 Nf6 15.Rc1 Bd6
16.Nf3 Ne4 17.e3 Qe7 18.Rc2 Rbc8 19.Qa1 c5 20.Rfc1 cxd4 21.exd4 f4 22.cxd5 Rxc2
23.Rxc2 exd5 24.Qc1 Qe6 25.Qe1 Qf5 26.Nh4 Qh5 27.Bf3 Qf7 28.Bg4 g6 29.gxf4 Bd3
30.Rc6 Qxf4 31.Be6+ Kg7 32.Rxd6 Qxd6  0-1

[Event "7th Georgiev - Kesarovski Mem"]
[Site "Sunny Beach BUL"]
[Date "2008.09.12"]
[Round "7"]
[White "Mitkov,M"]
[Black "Vladimirov,V MKD"]
[Result "1-0"]
[WhiteElo "2382"]
[BlackElo "2254"]

1.d4 Nf6 2.c4 e6 3.Nf3 b6 4.g3 Ba6 5.Qc2 Bb4+ 6.Bd2 Bxd2+ 7.Nbxd2 O-O 8.Bg2 d5
9.O-O c6 10.Rfd1 Nbd7 11.Rac1 Qb8 12.e4 dxc4 13.Nxc4 c5 14.e5 Nd5 15.Ng5 g6
16.Nd6 cxd4 17.Bxd5 exd5 18.Qc6 Nxe5 19.Qxd5 h6 20.Qxe5 hxg5 21.Rxd4 Bc8
22.Qxg5 Be6 23.Qe5 Rd8 24.Rh4 Kf8 25.Qf6  1-0